आपलं घर (Record no. 97766)

MARC details
000 -LEADER
fixed length control field 00522nam a2200181Ia 4500
008 - FIXED-LENGTH DATA ELEMENTS--GENERAL INFORMATION
fixed length control field 090124s9999 xx 000 0 und d
082 ## - DEWEY DECIMAL CLASSIFICATION NUMBER
Item number 31681
100 ## - MAIN ENTRY--PERSONAL NAME
Personal name काऴे वैज़यंती
245 ## - TITLE STATEMENT
Title आपलं घर
250 ## - EDITION STATEMENT
Edition statement 1
260 ## - PUBLICATION, DISTRIBUTION, ETC. (IMPRINT)
Name of publisher, distributor, etc दिलीप प्रकाशन
Date of publication, distribution, etc 1988
300 ## - PHYSICAL DESCRIPTION
Extent 200
600 ## - SUBJECT ADDED ENTRY--PERSONAL NAME
Personal name काऴे वैज़यंती
630 ## - SUBJECT ADDED ENTRY--UNIFORM TITLE
Uniform title आपलं घर
700 ## - ADDED ENTRY--PERSONAL NAME
Personal name काऴे वैज़यंती
730 ## - ADDED ENTRY--UNIFORM TITLE
Uniform title आपलं घर
942 ## - ADDED ENTRY ELEMENTS (KOHA)
Koha item type Book
Holdings
Withdrawn status Lost status Damaged status Not for loan Home library Current library Date acquired Cost, normal purchase price Total Checkouts Full call number Barcode Date last seen Cost, replacement price Price effective from Koha item type
        Nagar Wachan Mandir, Thane Nagar Wachan Mandir, Thane   55.00   31681 THNNWM-31681 01/24/2009 55.00 01/24/2009 Book